The Trade and export finance handbook.
| Format: | Book |
|---|---|
| Published: |
London:
Euromoney,
1994.
|
| Subjects: |
| LEADER | 00408cam a2200145 7i4500 | ||
|---|---|---|---|
| 001 | 0000004262 | ||
| 005 | 19991025090000.0 | ||
| 002 | ##000005732 | ||
| 020 | 0 | 0 | |a 1-85564-288-3 |
| 090 | 0 | 0 | |a R 338.7 |b TRA |
| 245 | 1 | 0 | |a The Trade and export finance handbook. |
| 260 | 0 | 0 | |a London: |b Euromoney, |c 1994. |
| 300 | 0 | 0 | |a n.p.. |
| 650 | 0 | 0 | |a Business# |a Exports -- |x Finance |
| 999 | |a 0000006866 |b Book |c Open shelf |e Business Information Centre | ||


